Представление документа в формате MARC21

Поле Инд. ПП Название Значение
Тип записи a
Библиографический уровень m
001 Контрольный номер ad7312bec8e04562add8426e4f81c7b5
005 Дата корректировки 20241220101430.9
084 a Индекс другой классификации/Индекс ББК 65
097 b Оператор Кондратьева
245 10 a Заглавие Справочник руководителя учреждения культуры
n Номер части/ раздела 12
260 c Дата издания 2024
900 a Имя макрообъекта 0000003847681
901 t Тип документа s